| 000 | 01108nam0a2200325 4500 | ||
|---|---|---|---|
| 001 | RU\NLR\BIBL_A\012068665 | ||
| 005 | 20190819110844.0 | ||
| 010 |
_a978-5-17-116186-6 _95000 |
||
| 021 |
_aRU _bКН-П-19-048942 _9КН-П-19-3556 |
||
| 035 | _a(NLR Aleph) 012068665 | ||
| 035 | _a(RuMoRGB)010027994 | ||
| 090 |
_a11743686 _c11743686 |
||
| 100 | _a20190801d2019 u y0rusy50 ca | ||
| 101 | 1 |
_arus _ceng |
|
| 102 | _aRU | ||
| 105 | _ay z 000ay | ||
| 200 | 1 |
_aКак перевоспитать герцога _eроман _fМеган Фрэмптон _g[перевод с английского Я. Е. Царьковой] |
|
| 210 |
_aМосква _cАСТ _d2019 |
||
| 215 |
_a382, [1] с. _d17 |
||
| 225 | 1 | _aОчарование | |
| 225 | 1 | _aМини шарм | |
| 333 | _a16+ | ||
| 686 | 1 | _aШ6(7США)67-440.4{Лх1979-50} | |
| 700 | 1 |
_7ca _8rus _aФрэмптон _bМ. _f1964- _gМеган _9192272 _3RU\NLR\AUTH\770192323 |
|
| 942 | _cBOOK | ||
| 980 | _aNBR | ||
| 980 | _aNB | ||